Concepto jurd̕ico de violencia de gňero

Detalles Bibliográficos
Autor principal: Carrera Presencio, Ana Isabel
Formato: eBook
Lenguaje:español
Publicado: Madrid: Dykinson, 2019
Materias:
Acceso en línea:Acceso restringido

MARC

LEADER 00000nam a22000007a 4500
005 2019111407257.0
007 cr|||| ||||
008 191114s2019 es |||||s|||| 00||0 spa d
020 |a 978-84-1324-405-1 
035 |a 30617 
040 |a vLex 
090 |c 10007  |d 10007 
100 1 |a Carrera Presencio, Ana Isabel 
245 1 0 |a Concepto jurd̕ico de violencia de gňero  |h [Recurso electrn̤ico] /  |c Ana Isabel Carrera Presencio 
256 |a Servicio en ln̕ea 
260 |a Madrid:  |b Dykinson,  |c 2019 
300 |a 1 recurso electrn̤ico 
500 |a El ordenamiento jurd̕ico internacional de los derechos humanos, en 1993, defini ̤el fenm̤eno de la violencia contra la mujer, para los Estados, recomendando a continuacin̤ una legislacin̤ nacional segn︢ indicadores y datos empr̕icos propios. No obstante, y fruto de la interconexin̤ entre el Derecho Internacional de los derechos humanos y el Derecho Penal Internacional, se produce una evolucin̤ en su tratamiento jurd̕ico, que ha de ser incorporado a los ordenamientos jurd̕icos nacionales. Es la violencia basada en gňero. Y desde entonces, el m̀bito jurd̕ico internacional, recomienda a los Estados aplicar legislacin̤ a partir de investigaciones propias, desgranando los datos empr̕icos en funcin̤ del sexo, en toda la reunin̤ de datos, y aumentar la sensibilidad en lo tocante al gňero. Con ello se miden los efectos de las polt̕icas, por medio de los cambios en la prevalencia y en la incidencia de esta violencia, como progresos en la implementacin̤ de las leyes y sus reformas. Sin embargo, del monitoreo internacional y regional europeo hecho a Espaą, se extrae una conclusin̤. Espaą desconoce sus propias tendencias, de esta especf̕ica violencia, y las causas subyacentes del detectado aumento de la gravedad de los casos. Y ello porque no elaboramos informes desglosados por sexo y edad en todo su anl̀isis. Por tanto, es una asignatura pendiente para Espaą, la contextualizacin̤ de la violencia de gňero, siendo su concepto jurd̕ico supranacional. 
506 1 |a Disponible solo en los productos indicados  |d vLex Global  |d vLex Global (Academic Edition, excluding Law Schools)  |d vLex Global (U.S. Academic Edition, Law Schools)  |d vLex Global (U.S. Academic Edition, excluding Law Schools)  |d vLex Global (Academic Edition, Law Schools) 
650 0 4 |a Derecho Penal  |z Espaą 
650 0 4 |a Delitos contra las personas  |z Espaą 
740 0 |a vLex Libros (Servicio en ln̕ea) 
856 4 0 |u http://vlex.com/source/concepto-juridico-de-violencia-de-genero-30617  |z Acceso restringido 
942 |c BOOK 
999 0 |a Criminal Law 
999 0 |a Crimes against people